000 00293nam a22001337a 4500
008 170616b xxu||||| |||| 00| 0 eng d
020 _a9780321129352
041 _aeng
080 _a32
100 _a20
101 _ashp
245 _aGLOBAL ISLAMIC POLITICS
_cHUSAIN, M.Z
942 _2udc
_cBK
999 _c17948
_d17948